Комплексная лучевая диагностика в оценке состояния желчных путей до и после эндохирургических вмешательств (Запись № 607187)

Подробности
000 -МАРКЕР
контрольное поле 03414nam0a2200397 4500
001 - ИДЕНТИФИКАТОР ЗАПИСИ
контрольное поле RU\NLR\bibl\1018230
005 - ИДЕНТИФИКАТОР ВЕРСИИ
контрольное поле 20260405082126.0
021 ## - НОМЕР ГОСУДАРСТВЕННОЙ РЕГИСТРАЦИИ
Код страны Российская Федерация
Номер 2006-63333
Номер Листа государственной регистраци 3157
035 ## - ДРУГИЕ СИСТЕМНЫЕ НОМЕРА
Идентификатор записи (nilc)RSL-KNO-002956900
035 ## - ДРУГИЕ СИСТЕМНЫЕ НОМЕРА
Идентификатор записи (NLR Aleph) 001005782
100 ## - ДАННЫЕ ОБЩЕЙ ОБРАБОТКИ
Данные общей обработки 20061010d2006 |||y0rusy50 ca
101 0# - ЯЗЫК РЕСУРСА
Язык текста, звукозаписи и т.д. русский
102 ## - СТРАНА ПУБЛИКАЦИИ ИЛИ ПРОИЗВОДСТВА
Страна публикации Российская Федерация
105 ## - ПОЛЕ КОДИРОВАННЫХ ДАННЫХ: ТЕКСТОВЫЕ МАТЕРИАЛЫ, МОНОГРАФИЧЕСКИЕ
Кодированные данные о монографическом текстовом документе a zzzz|||||
106 ## - ПОЛЕ КОДИРОВАННЫХ ДАННЫХ: ТЕКСТОВЫЕ РЕСУРСЫ – ФОРМА
Форма ресурса: кодированные данные: обозначение носителя r
200 1# - ЗАГЛАВИЕ И СВЕДЕНИЯ ОБ ОТВЕТСТВЕННОСТИ
Основное заглавие Комплексная лучевая диагностика в оценке состояния желчных путей до и после эндохирургических вмешательств
Сведения, относящиеся к заглавию учеб. пособие для системы послевузовского проф. образования врачей
Первые сведения об ответственности А. Ю. Васильев, А.И. Громов, Д.А. Лежнев, Н.С. Серова
Последующие сведения об ответственности М-во здравоохранения и социального развития Российской Федерации, Федеральное гос. образовательное учреждение "Всероссийский учеб.-науч.-методический центр по непрерывному мед. и фармацевтическому образованию Федерального агентства по здравоохранению и социальному развитию", Гос. образовательное учреждение высш. проф. образования Московский гос. медико-стоматологический ун-т Росздрава, Каф. лучевой диагностики
210 ## - ПУБЛИКАЦИЯ, РАСПРОСТРАНЕНИЕ И ДР.
Место издания, распространения и т.д. Москва
Имя издателя, распространителя и т. д. ФГОУ "ВУНМЦ Росздрава"
Дата издания, распространения и т.д. 2006
215 ## - ФИЗИЧЕСКАЯ ХАРАКТЕРИСТИКА
Специфическое обозначение материала и объем 30, [1] с.
Другие сведения о физической характеристике ил.
Размеры 21
300 ## - ОБЩИЕ ПРИМЕЧАНИЯ
Текст примечания На обороте тит.лд. авт.: чл.-корр. РАМН, проф. А.Ю. Васильев, д.м.н., проф. А.И. Горомов, доц., к.м.н. Д.А. Лежнев, Н.С. Серова
320 ## - ПРИМЕЧАНИЯ О НАЛИЧИИ В ДОКУМЕНТЕ БИБЛИОГРАФИИ / УКАЗАТЕЛЯ
Текст примечания Библиогр. в конце кн.
606 1# - НАИМЕНОВАНИЕ ТЕМЫ КАК ПРЕДМЕТ
Наименование темы Желчные пути
Формальный подзаголовок Учебные издания для последипломного образования
Тематический подзаголовок Болезни
-- Лучевая диагностика
Системный номер авторитетной/нормативной записи 2451796
Идентификатор авторитетной/нормативной записи RU\NLR\auth\661457699
606 1# - НАИМЕНОВАНИЕ ТЕМЫ КАК ПРЕДМЕТ
Наименование темы Желчные пути
Формальный подзаголовок Учебные издания для последипломного образования
Тематический подзаголовок Болезни
-- Эндохирургия
Системный номер авторитетной/нормативной записи 2451799
Идентификатор авторитетной/нормативной записи RU\NLR\auth\661457700
610 0# - НЕКОНТРОЛИРУЕМЫЕ ПРЕДМЕТНЫЕ ТЕРМИНЫ
Предметный термин Здравоохранение. Медицинские науки -- Хирургия -- Абдоминальная хирургия -- Операции на желчном пузыре и желчных путях -- Эндоскопические операции -- Пособие для повышения квалификации
686 ## - ИНДЕКСЫ ДРУГИХ КЛАССИФИКАЦИЙ
Индекс Р457.445.52-890я77
Код системы
686 ## - ИНДЕКСЫ ДРУГИХ КЛАССИФИКАЦИЙ
Индекс Р457.465.352-436я77
701 #1 - ИМЯ ЛИЦА - АЛЬТЕРНАТИВНАЯ ОТВЕТСТВЕННОСТЬ
Код отношения Автор
Материалы, к которым относится поле rus
Графика поля Кириллица
Начальный элемент ввода Васильев
Часть имени, кроме начального элемента ввода А. Ю.
Дополнения к именам, кроме дат д-р мед. наук, рентгенология
Даты 1962-
Расширение инициалов личного имени Александр Юрьевич
Идентификатор авторитетной/нормативной записи RU\NLR\auth\7728883
Системный номер авторитетной/нормативной записи 11912
701 #1 - ИМЯ ЛИЦА - АЛЬТЕРНАТИВНАЯ ОТВЕТСТВЕННОСТЬ
Начальный элемент ввода Громов
Часть имени, кроме начального элемента ввода А. И.
Код отношения Автор
701 #1 - ИМЯ ЛИЦА - АЛЬТЕРНАТИВНАЯ ОТВЕТСТВЕННОСТЬ
Начальный элемент ввода Лежнев
Часть имени, кроме начального элемента ввода Д. А.
Код отношения Автор
701 #1 - ИМЯ ЛИЦА - АЛЬТЕРНАТИВНАЯ ОТВЕТСТВЕННОСТЬ
Код отношения Автор
Графика поля Кириллица
Материалы, к которым относится поле rus
Начальный элемент ввода Серова
Часть имени, кроме начального элемента ввода Н. С.
Дополнения к именам, кроме дат д-р мед. наук
Расширение инициалов личного имени Наталья Сергеевна
Системный номер авторитетной/нормативной записи 43704
Идентификатор авторитетной/нормативной записи RU\NLR\auth\7760774
801 #0 - ИСТОЧНИК ЗАПИСИ
Страна Российская Федерация
Организация РКП
Дата составления 20061010
Правила каталогизации rcr
801 #1 - ИСТОЧНИК ЗАПИСИ
Страна Российская Федерация
Организация РГБ
Дата составления 20061010
801 #2 - ИСТОЧНИК ЗАПИСИ
Страна Российская Федерация
Организация NLR
Дата составления 20061207
Правила каталогизации rcr
942 ## - ДОПОЛНИТЕЛЬНЫЕ ЭЛЕМЕНТЫ ЗАПИСИ (АБИС)
Тип экземпляра АБИС Книга
980 ## - КОЛЛЕКЦИЯ
Название коллекции Национальная библиография
Экземпляры
Тип экземпляра Дата поступления Источник поступления Библиотека постоянного хранения Библиотека текущего хранения Место хранения Шифр хранения Штрих-код Статус экземпляра
Книга 07.12.2006 Обязательный экземпляр РНБ (Московский) РНБ (Московский) Русский книжный фонд: издания с 1957 года 2006-4/35047 2317439  
Книга 07.12.2006 Обязательный экземпляр РНБ (Московский) РНБ (Московский) Русский книжный фонд: издания с 1957 года 2006-4/35047 2317440